Statistiques concernant Les featurings de Franglish

Cliquez ici pour prendre le quiz!

Statistiques générales

  • Ce quiz a été pris 63 fois
    (31 depuis la dernière actualisation)
  • Le résultat moyen est 18 sur 81

Statistiques - réponses

DépartementArtisteSons% Correct
93DadjuDjango (2017), C'est plus l'heure (2017), Comme ça (2019), Calme (2019), Plan (2021), Cookie (2022)
96%
93TiakolaBiberon (2020)
74%
91NinhoSécu (2022)
70%
93Aya NakamuraSans moi (2021), Djo (2023)
67%
59GradurTruc de choses (2021), Non non (2022)
67%
45VegedreamC'est plus l'heure (2017)
67%
13TaycB L A C K C A R D (2021)
63%
75LetoBiberon (2020), Overbooké (2022)
59%
94L2B GangDans La Chambre / Money (2023)
56%
77NegritoJolie (2021), J'ai Payé (2023)
56%
94RskoBéton (2022)
56%
USTory LanezMy Salsa (2020)
56%
75Guy2BezbarZERO (2023)
52%
BELHamzaSlide (2021), Djo (2023)
48%
60KeBlackPlus rien (2018), On a trop charbonné (2022)
48%
91Koba LaDLa Calle (2022)
48%
93GazoGO (2021), Big Drip (2022)
44%
13JulOn a trop charbonné (2022)
44%
ALGSoolkingDéçu (2019), Jennifer (2020)
37%
UnknownJoé Dwèt FiléDernière chance (2019), No more drama (2022)
33%
UnknownVitaaOui ça va (2018)
33%
75Abou Debeing#Tuvoulais (2017), Warriors (2019), Tout gâcher (2019), Calme (2019), Bando (2020), Plan (2021)
30%
93Imen EsDsl (2020)
30%
13AlonzoVargas (2018), Mayday (2021)
26%
UnknownDYSTINCTQue Pasa (2018), Ça c'est bien (2023), Kizomba (2023)
26%
243Fally IpupaEst/Ouest (2021)
26%
93KaarisMauvais garçon remix (2020)
26%
75MHDB L A C K C A R D (2021), Billie Jeans (2022)
26%
UnknownMonsieur NovA toi (2023)
26%
UnknownWaïvDERNIÈRE CHANCE (2023)
26%
91Gambino La MGEyes Contact (2023)
22%
94Kaza10 millions (2022), DOUBLE JEU (2024)
22%
UnknownKikimotelebaTigini Remix (2021)
22%
NIGCKaylove nwantiti French Remix(2020)
19%
93LandyGO (2021)
19%
75LefaTMCP #8 (2016), Oh yeah (2017)
19%
95LyndaJennifer (2020), Comme avant (2021)
19%
75Barack AdamaLoup-garou (2017)
15%
UnknownGAULOISRainté (2023)
15%
13L'AlgérinoJennifer (2020), Excuse My French (2021), On a trop charbonné (2022)
15%
93PrototypeLA LOI (2023)
15%
91BolémvnOn a trop charbonné (2022)
11%
UnknownKimJoli cœur (2023)
11%
UnknownM. PokoraBaila (2021)
11%
UnknownMVNous (2021)
11%
75SlkrackJtm (2023)
11%
USTygaOKAY (2021)
11%
13100 BlazeOn a trop charbonné (2022)
7%
NIGAyra StarrMy Baby (2023)
7%
UnknownDidi BSenvolement (2023)
7%
UnknownDriks#Tuvoulais (2017), Plan (2021)
7%
UnknownFrenna911 (2022)
7%
75Jok'airOn a trop charbonné (2022)
7%
UnknownNejToi + moi (2022)
7%
UnknownRomy RoseT'es piqué (2022)
7%
75S.Pri NoirCalme (2019)
7%
243Ya LevisPour moi (2021)
7%
UnknownAM La ScampiaOn a trop charbonné (2022)
4%
94CincoBB (2021)
4%
93Heuss L'enfoiréJennifer (2020)
4%
UnknownH MagnumJe t'avais prévenue (2020), JRTS (2021)
4%
UnknownLafropop911 (2022)
4%
UnknownRicky RichAll I Need (2022)
4%
13SoldaOn a trop charbonné (2022)
4%
UnknownBienMy Baby (2023)
0%
UnknownBrigantéOn a trop charbonné (2022)
0%
UKD-Block EuropePénélope (2021)
0%
UnknownEvaFiable (2019)
0%
UnknownHayce LemsiJuste du love (2020)
0%
UnknownKarl WineBaila (2021)
0%
UnknownLaetitia BayBambina (2021)
0%
UnknownLe NineTMCP #8 (2016)
0%
UnknownLojayMonalisa (2022)
0%
UnknownSarzMonalisa (2022)
0%
UnknownSays'z1, 2 ou 3 (2019)
0%
UnknownSneazzyVaisseau (2021)
0%
UnknownTake a MicPrès d'elle (2021)
0%
UnknownTawsen3ème fois (2021)
0%
UnknownVolts FaceJuste du love (2020)
0%
UnknownYaroOuais X3 (2020)
0%
UKYxng BaneMakasi (2018), Pénélope (2021)
0%

Distribution des résultats

Percentile par nombre de réponses

% des personnes avec chaque résultat

Votre développement - résultats

Vous n’avez pas pris ce quiz depuis la dernière actualisation